[Event "Empresa-A"]
[Site "Montreal CAN"]
[Date "2006.08.13"]
[Round "6"]
[White "Onischuk, Alexander"]
[Black "Charbonneau, Pascal"]
[Result "1/2-1/2"]
[WhiteElo "2668"]
[BlackElo "2501"]
[PlyCount "103"]
[GameId "2160767910790373"]
[EventDate "2006.08.08"]
[EventType "tourn"]
[EventRounds "9"]
[EventCountry "CAN"]
[EventCategory "15"]
[SourceTitle "CBM 114"]
[Source "ChessBase"]
[SourceDate "2006.10.02"]
[SourceVersion "1"]
[SourceVersionDate "2006.10.02"]
[SourceQuality "1"]

1. d4 Nf6 2. c4 e6 3. Nc3 Bb4 4. Qc2 d5 5. a3 Bxc3+ 6. Qxc3 Ne4 7. Qc2 c5 8. dxc5 Nc6 9. cxd5 exd5 10. Nf3 Qa5+ 11. Bd2 Nxd2 12. Qxd2 Qxc5 13. Rc1 Qb6 14. e3 O-O 15. Be2 Bg4 16. h3 Bh5 17. O-O Rad8 18. Rfd1 Rfe8 19. g4 Bg6 20. Nd4 Re4 21. Bf3 Re7 22. Nxc6 bxc6 23. Qb4 Re6 24. Qxb6 axb6 25. b4 b5 26. Rc5 f6 27. Rdc1 Be8 28. Kf1 Kf8 29. Ke2 Ra8 30. R5c3 Re7 31. Kd3 Rea7 32. Ra1 Ra4 33. Rb3 Ke7 34. Kc3 g5 35. Kb2 Bg6 36. Rd1 f5 37. Rc3 R4a6 38. gxf5 Bxf5 39. Rg1 h6 40. Bg4 Rf8 41. f4 Be4 42. Rf1 Kd6 43. Bf3 Bxf3 44. Rxf3 gxf4 45. Rxf4 Rxf4 46. exf4 Ra7 47. Rg3 Re7 48. Kc3 Re4 49. Rg6+ Re6 50. Rg3 Re4 51. Rg6+ Re6 52. Rg3 1/2-1/2

[Event "Empresa-A"]
[Site "Montreal CAN"]
[Date "2006.08.14"]
[Round "7"]
[White "Charbonneau, Pascal"]
[Black "Korneev, Oleg"]
[Result "1-0"]
[WhiteElo "2501"]
[BlackElo "2638"]
[PlyCount "117"]
[GameId "2160767910790374"]
[EventDate "2006.08.08"]
[EventType "tourn"]
[EventRounds "9"]
[EventCountry "CAN"]
[EventCategory "15"]
[SourceTitle "CBM 114"]
[Source "ChessBase"]
[SourceDate "2006.10.02"]
[SourceVersion "1"]
[SourceVersionDate "2006.10.02"]
[SourceQuality "1"]

1. e4 c5 2. Nf3 Nc6 3. d4 cxd4 4. Nxd4 Nf6 5. Nc3 d6 6. Bg5 e6 7. Qd2 Be7 8. O-O-O Qb6 9. Nb3 a6 10. f3 O-O 11. h4 Qc7 12. h5 b5 13. h6 g6 14. Qf4 Ne8 15. Bxe7 Qxe7 16. Qe3 Rb8 17. Kb1 b4 18. Na4 Qc7 19. c4 Ne5 20. c5 Qc6 21. Nb6 dxc5 22. Nc4 Nd7 23. Be2 Qc7 24. Rd2 f6 25. Rc1 Rf7 26. f4 Bb7 27. Nca5 Bc8 28. Bg4 Re7 29. Nxc5 Qxa5 30. Nxd7 Bxd7 31. Rxd7 Rxd7 32. Bxe6+ Kf8 33. Bxd7 Rd8 34. Bxe8 Kxe8 35. Qa7 Rd7 36. Qa8+ Rd8 37. Qc6+ Ke7 38. Qc7+ Qxc7 39. Rxc7+ Ke6 40. Rxh7 Rd1+ 41. Kc2 Rg1 42. Rg7 Rxg2+ 43. Kb3 g5 44. fxg5 fxg5 45. h7 Rh2 46. Rxg5 Rxh7 47. Rg6+ Ke5 48. Rxa6 Kxe4 49. Rb6 Kd5 50. Kxb4 Rh2 51. Ka5 Kc5 52. a4 Rh8 53. b4+ Kd5 54. b5 Ra8+ 55. Kb4 Rh8 56. Rc6 Rg8 57. Rc1 Kd6 58. b6 Rg2 59. Kb5 1-0

[Event "Montreal int."]
[Site "Montreal CAN"]
[Date "2005.08.03"]
[Round "1"]
[White "Tyomkin, Dimitri"]
[Black "Charbonneau, Pascal"]
[Result "1-0"]
[WhiteElo "2467"]
[BlackElo "2509"]
[PlyCount "113"]
[GameId "2160767910900664"]
[EventDate "2005.08.03"]
[EventType "tourn"]
[EventRounds "11"]
[EventCountry "CAN"]
[EventCategory "12"]
[SourceTitle "CBM 109"]
[Source "ChessBase"]
[SourceDate "2005.11.14"]
[SourceVersion "1"]
[SourceVersionDate "2005.11.14"]
[SourceQuality "1"]

1. d4 Nf6 2. c4 e6 3. Nf3 c5 4. d5 exd5 5. cxd5 d6 6. Nc3 g6 7. e4 Bg7 8. Bg5 h6 9. Bh4 a6 10. Nd2 b5 11. Be2 O-O 12. O-O Re8 13. f3 Nbd7 14. a4 b4 15. Ncb1 g5 16. Bf2 Nh5 17. Nc4 Ne5 18. Nbd2 Nf4 19. Nxe5 Bxe5 20. Nc4 Bg7 21. Re1 f5 22. exf5 Bxf5 23. Qd2 Rxe2 24. Rxe2 Bd3 25. Re4 Bxe4 26. fxe4 Qe7 27. Re1 Ng6 28. Bg3 Bd4+ 29. Kh1 Ne5 30. Bxe5 Bxe5 31. Qe2 Bd4 32. Rf1 b3 33. Qf3 Rb8 34. Na5 Qf8 35. Qxf8+ Rxf8 36. Rxf8+ Kxf8 37. Nxb3 Bxb2 38. Na5 Ke7 39. Nc4 Bc1 40. g4 Bf4 41. h3 Kf6 42. Kg2 Be5 43. Kf3 Bh2 44. Na5 Be5 45. Ke3 Bc3 46. Nc6 a5 47. Kd3 Bb4 48. Kc4 Bd2 49. e5+ dxe5 50. Kxc5 e4 51. Kd4 e3 52. Kd3 Kf7 53. Ne5+ Ke7 54. Nc4 Bc1 55. Nxa5 Kd6 56. Nc4+ Kxd5 57. Nxe3+ 1-0

[Event "Montreal int."]
[Site "Montreal CAN"]
[Date "2005.08.04"]
[Round "2"]
[White "Charbonneau, Pascal"]
[Black "Roussel-Roozmon, Thomas"]
[Result "1-0"]
[WhiteElo "2509"]
[BlackElo "2439"]
[PlyCount "89"]
[GameId "2160767910900666"]
[EventDate "2005.08.03"]
[EventType "tourn"]
[EventRounds "11"]
[EventCountry "CAN"]
[EventCategory "12"]
[SourceTitle "CBM 109"]
[Source "ChessBase"]
[SourceDate "2005.11.14"]
[SourceVersion "1"]
[SourceVersionDate "2005.11.14"]
[SourceQuality "1"]

1. e4 e5 2. Nf3 Nf6 3. Nxe5 d6 4. Nf3 Nxe4 5. Nc3 Nxc3 6. dxc3 Be7 7. Be3 Nc6 8. Qd2 Be6 9. O-O-O Qd7 10. h3 a6 11. Ng5 Bxg5 12. Bxg5 f6 13. Be3 O-O-O 14. b3 h5 15. g3 Rhe8 16. Bg2 Bf5 17. c4 Be4 18. f3 Bg6 19. Rhe1 Re7 20. Bf2 Rxe1 21. Rxe1 Re8 22. g4 Rxe1+ 23. Qxe1 Kd8 24. a3 a5 25. Qe2 hxg4 26. fxg4 b6 27. g5 Ne5 28. gxf6 gxf6 29. Bh4 Qg7 30. Qf2 Ke7 31. a4 Bh7 32. Kb2 Qg6 33. Bd5 Qh6 34. Bg2 Qg6 35. Bg3 Kf7 36. c5 bxc5 37. Bxe5 dxe5 38. Bd5+ Kg7 39. Qxc5 Kh6 40. b4 f5 41. Qc6 Qxc6 42. Bxc6 Bg8 43. bxa5 Bc4 44. Bb7 f4 45. Kc3 1-0

[Event "Montreal int."]
[Site "Montreal CAN"]
[Date "2005.08.05"]
[Round "3"]
[White "Mikhalevski, Victor"]
[Black "Charbonneau, Pascal"]
[Result "1-0"]
[WhiteElo "2572"]
[BlackElo "2509"]
[PlyCount "145"]
[GameId "2160767910900673"]
[EventDate "2005.08.03"]
[EventType "tourn"]
[EventRounds "11"]
[EventCountry "CAN"]
[EventCategory "12"]
[SourceTitle "CBM 109"]
[Source "ChessBase"]
[SourceDate "2005.11.14"]
[SourceVersion "1"]
[SourceVersionDate "2005.11.14"]
[SourceQuality "1"]

1. d4 Nf6 2. c4 e6 3. Nf3 c5 4. d5 exd5 5. cxd5 d6 6. Nc3 g6 7. g3 Bg7 8. Bg2 O-O 9. O-O a6 10. a4 Nbd7 11. Nd2 Nh5 12. Nce4 Ndf6 13. Nxf6+ Nxf6 14. Nc4 Re8 15. a5 Bf8 16. Re1 Bd7 17. e4 Bb5 18. b3 Bg7 19. Bb2 Bxc4 20. bxc4 Nd7 21. Bxg7 Kxg7 22. f4 f6 23. Bh3 Re7 24. Ra2 Qc7 25. Qa1 Rae8 26. Rae2 Nf8 27. Bg4 h5 28. Bh3 Nd7 29. Be6 Nf8 30. e5 fxe5 31. fxe5 dxe5 32. Rxe5 Kh7 33. Qb1 Nxe6 34. dxe6 Qd6 35. Rxh5+ Kg7 36. Rd5 Qc6 37. Qb2+ Kg8 38. Qf2 Rxe6 39. Rf1 Qc7 40. Rxc5 Qe7 41. Rd5 Re2 42. Qf3 Re1 43. Rxe1 Qxe1+ 44. Kg2 Rf8 45. Qd3 Rf2+ 46. Kh3 Qe6+ 47. g4 Qf6 48. Rd8+ Kh7 49. Rd7+ Kh6 50. Qe3+ g5 51. Kg3 Rf1 52. h4 Qf4+ 53. Qxf4 gxf4+ 54. Kg2 Ra1 55. Kf3 Rxa5 56. Rxb7 Rc5 57. Rb6+ Kg7 58. Rxa6 Rxc4 59. g5 Rc3+ 60. Kxf4 Rc4+ 61. Kg3 Rb4 62. Rf6 Ra4 63. Rf4 Ra6 64. Kg4 Rb6 65. Rd4 Ra6 66. Rd7+ Kg8 67. Kh5 Rb6 68. g6 Rb8 69. Kh6 Ra8 70. h5 Rb8 71. Rd5 Ra8 72. Kg5 Rb8 73. h6 1-0

[Event "Montreal int."]
[Site "Montreal CAN"]
[Date "2005.08.06"]
[Round "4"]
[White "Charbonneau, Pascal"]
[Black "Shipov, Sergei"]
[Result "1-0"]
[WhiteElo "2509"]
[BlackElo "2582"]
[PlyCount "107"]
[GameId "2160767910900677"]
[EventDate "2005.08.03"]
[EventType "tourn"]
[EventRounds "11"]
[EventCountry "CAN"]
[EventCategory "12"]
[SourceTitle "CBM 109"]
[Source "ChessBase"]
[SourceDate "2005.11.14"]
[SourceVersion "1"]
[SourceVersionDate "2005.11.14"]
[SourceQuality "1"]

1. e4 c5 2. Nf3 d6 3. d4 cxd4 4. Nxd4 Nf6 5. Nc3 e6 6. g4 h6 7. h4 Nc6 8. Rg1 h5 9. gxh5 Nxh5 10. Bg5 Qb6 11. Nb3 a6 12. Qe2 Bd7 13. O-O-O Nf6 14. Bg2 Qc7 15. Rge1 O-O-O 16. f4 Be7 17. e5 Ne8 18. Bxe7 Nxe7 19. Ne4 dxe5 20. fxe5 Bc6 21. Rxd8+ Qxd8 22. Rd1 Qb6 23. Nd6+ Nxd6 24. exd6 Nf5 25. Bxc6 Qxc6 26. Na5 Qb6 27. d7+ Kd8 28. Qc4 Ne7 29. Qf4 Qc7 30. Qxc7+ Kxc7 31. Nxb7 Nc6 32. Nd6 Ne5 33. Rd4 g6 34. Ne8+ Kd8 35. Nd6 Kc7 36. Ne8+ Kd8 37. c4 Nf3 38. Rf4 Ne5 39. Rd4 Nf3 40. Nd6 Nxd4 41. Nxf7+ Kxd7 42. Nxh8 Ne2+ 43. Kd2 Nf4 44. b4 Ke7 45. a4 e5 46. a5 Kf6 47. b5 Ne6 48. bxa6 Kg7 49. a7 Nc7 50. Ke3 Kxh8 51. Ke4 Kg7 52. Kxe5 Kf7 53. Kd6 Na8 54. Kd7 1-0

[Event "Montreal int."]
[Site "Montreal CAN"]
[Date "2005.08.07"]
[Round "5"]
[White "Efimenko, Zahar"]
[Black "Charbonneau, Pascal"]
[Result "1-0"]
[WhiteElo "2643"]
[BlackElo "2509"]
[PlyCount "61"]
[GameId "2160767910900682"]
[EventDate "2005.08.03"]
[EventType "tourn"]
[EventRounds "11"]
[EventCountry "CAN"]
[EventCategory "12"]
[SourceTitle "CBM 109"]
[Source "ChessBase"]
[SourceDate "2005.11.14"]
[SourceVersion "1"]
[SourceVersionDate "2005.11.14"]
[SourceQuality "1"]

1. e4 c5 2. Nf3 d6 3. d4 cxd4 4. Nxd4 Nf6 5. Nc3 g6 6. Be3 Bg7 7. f3 Nc6 8. Bc4 O-O 9. Qd2 Bd7 10. O-O-O Rb8 11. Bb3 Na5 12. Kb1 b5 13. h4 Nc4 14. Bxc4 bxc4 15. Ka1 h5 16. Rb1 Re8 17. Bh6 Bh8 18. g4 hxg4 19. h5 Qa5 20. hxg6 fxg6 21. Rh4 gxf3 22. Nxf3 Nxe4 23. Nxe4 c3 24. Nxc3 Rxb2 25. Kxb2 Bxc3+ 26. Qxc3 Rb8+ 27. Qb3+ Rxb3+ 28. axb3 e5 29. Rd1 Bc6 30. Ng5 d5 31. Rf1 1-0

[Event "Montreal int."]
[Site "Montreal CAN"]
[Date "2005.08.08"]
[Round "6"]
[White "Krush, Irina"]
[Black "Charbonneau, Pascal"]
[Result "1/2-1/2"]
[WhiteElo "2452"]
[BlackElo "2509"]
[PlyCount "46"]
[GameId "2160767910900692"]
[EventDate "2005.08.03"]
[EventType "tourn"]
[EventRounds "11"]
[EventCountry "CAN"]
[EventCategory "12"]
[SourceTitle "CBM 109"]
[Source "ChessBase"]
[SourceDate "2005.11.14"]
[SourceVersion "1"]
[SourceVersionDate "2005.11.14"]
[SourceQuality "1"]

1. d4 d5 2. c4 c6 3. Nf3 Nf6 4. Nc3 e6 5. Bg5 h6 6. Bh4 dxc4 7. e4 g5 8. Bg3 b5 9. h4 g4 10. Ne5 h5 11. Be2 Bb7 12. O-O Nbd7 13. Qc2 Nxe5 14. Bxe5 Bg7 15. Rad1 O-O 16. f3 Nh7 17. Bxg7 Kxg7 18. fxg4 Qxh4 19. gxh5 Ng5 20. Qd2 Nh3+ 21. gxh3 Qg3+ 22. Kh1 Qxh3+ 23. Kg1 Qg3+ 1/2-1/2

[Event "Montreal int."]
[Site "Montreal CAN"]
[Date "2005.08.10"]
[Round "7"]
[White "Charbonneau, Pascal"]
[Black "Bluvshtein, Mark"]
[Result "0-1"]
[WhiteElo "2509"]
[BlackElo "2525"]
[PlyCount "116"]
[GameId "2160767910900694"]
[EventDate "2005.08.03"]
[EventType "tourn"]
[EventRounds "11"]
[EventCountry "CAN"]
[EventCategory "12"]
[SourceTitle "CBM 109"]
[Source "ChessBase"]
[SourceDate "2005.11.14"]
[SourceVersion "1"]
[SourceVersionDate "2005.11.14"]
[SourceQuality "1"]

1. e4 e5 2. Nf3 Nf6 3. Nxe5 d6 4. Nf3 Nxe4 5. d4 d5 6. Bd3 Bd6 7. O-O O-O 8. c4 c6 9. Qc2 Na6 10. a3 f5 11. b4 Nc7 12. Bb2 Ne6 13. Re1 Qf6 14. Nc3 Qh6 15. h3 N4g5 16. Nxg5 Qxg5 17. Bf1 Nf4 18. Re3 Kh8 19. c5 Bc7 20. Rae1 Ng6 21. Re8 Bd7 22. Rxa8 Rxa8 23. Nb1 f4 24. Qb3 Nh4 25. Nd2 Re8 26. Rxe8+ Bxe8 27. Nf3 Nxf3+ 28. Qxf3 Bh5 29. Qc3 f3 30. Bc1 Qg6 31. g3 Bxg3 32. Qd3 Bc7+ 33. Qxg6 Bxg6 34. b5 cxb5 35. Bxb5 Bf5 36. h4 Kg8 37. Bd2 Kf7 38. a4 Ke6 39. a5 a6 40. Ba4 Bg6 41. c6 Be8 42. Bd1 Bxc6 43. Bxf3 b6 44. axb6 Bxb6 45. Bc3 a5 46. Be2 a4 47. Bd3 h6 48. Kg2 a3 49. Kg3 Ba4 50. Kg4 Bd1+ 51. f3 Bc7 52. h5 a2 53. Bh7 Ba5 54. Bb2 Bd2 55. Bg8+ Kd6 56. Bf7 Kc6 57. Be8+ Kb6 58. Bf7 Bb3 0-1

[Event "Montreal int."]
[Site "Montreal CAN"]
[Date "2005.08.12"]
[Round "9"]
[White "Charbonneau, Pascal"]
[Black "Kogan, Artur"]
[Result "1/2-1/2"]
[WhiteElo "2509"]
[BlackElo "2580"]
[PlyCount "87"]
[GameId "2160767910900706"]
[EventDate "2005.08.03"]
[EventType "tourn"]
[EventRounds "11"]
[EventCountry "CAN"]
[EventCategory "12"]
[SourceTitle "CBM 109"]
[Source "ChessBase"]
[SourceDate "2005.11.14"]
[SourceVersion "1"]
[SourceVersionDate "2005.11.14"]
[SourceQuality "1"]

1. e4 c5 2. Nf3 Nc6 3. d4 cxd4 4. Nxd4 e6 5. Nc3 Qc7 6. Be3 a6 7. Qd2 b5 8. Nxc6 dxc6 9. O-O-O e5 10. f4 Nf6 11. fxe5 Ng4 12. Bf4 Be6 13. Nd5 cxd5 14. exd5 Rd8 15. d6 Qc5 16. b4 Qc6 17. h3 Nh6 18. g4 Be7 19. Qf2 g5 20. Be3 Qc3 21. Bd4 Qxb4 22. Bg2 Rc8 23. Bb2 Bd8 24. d7+ Bxd7 25. e6 Bxe6 26. Bxh8 Bc7 27. c3 Bf4+ 28. Kc2 Qa3 29. Kb1 Ng8 30. Bd4 Ne7 31. Qb2 Qa4 32. Rhe1 Kf8 33. Bf6 a5 34. Rd4 b4 35. Red1 Re8 36. cxb4 axb4 37. Rd8 b3 38. Bg7+ Kg8 39. Bh6 Nf5 40. Rxe8+ Qxe8 41. axb3 Qb8 42. gxf5 Bxf5+ 43. Ka2 Qa7+ 44. Qa3 1/2-1/2

[Event "Montreal int."]
[Site "Montreal CAN"]
[Date "2005.08.13"]
[Round "10"]
[White "Golod, Vitali"]
[Black "Charbonneau, Pascal"]
[Result "1/2-1/2"]
[WhiteElo "2582"]
[BlackElo "2509"]
[PlyCount "47"]
[GameId "2160767910900711"]
[EventDate "2005.08.03"]
[EventType "tourn"]
[EventRounds "11"]
[EventCountry "CAN"]
[EventCategory "12"]
[SourceTitle "CBM 109"]
[Source "ChessBase"]
[SourceDate "2005.11.14"]
[SourceVersion "1"]
[SourceVersionDate "2005.11.14"]
[SourceQuality "1"]

1. d4 d5 2. c4 dxc4 3. e4 Nc6 4. Nf3 Bg4 5. d5 Ne5 6. Bf4 Ng6 7. Be3 Nf6 8. Nc3 e5 9. Bxc4 a6 10. Be2 Bd6 11. O-O O-O 12. Nd2 Bd7 13. Nc4 Bb4 14. Qc2 b5 15. Nd2 c6 16. dxc6 Bxc6 17. Rfd1 Qe7 18. a3 Bxc3 19. bxc3 Nf4 20. Bf3 Rac8 21. c4 bxc4 22. Bxf4 exf4 23. Qxc4 Bb5 24. Qb4 1/2-1/2

[Event "Montreal int."]
[Site "Montreal CAN"]
[Date "2005.08.14"]
[Round "11"]
[White "Charbonneau, Pascal"]
[Black "Huzman, Alexander"]
[Result "1-0"]
[WhiteElo "2509"]
[BlackElo "2577"]
[PlyCount "115"]
[GameId "2160767910900718"]
[EventDate "2005.08.03"]
[EventType "tourn"]
[EventRounds "11"]
[EventCountry "CAN"]
[EventCategory "12"]
[SourceTitle "CBM 109"]
[Source "ChessBase"]
[SourceDate "2005.11.14"]
[SourceVersion "1"]
[SourceVersionDate "2005.11.14"]
[SourceQuality "1"]

1. e4 c5 2. Nf3 d6 3. d4 cxd4 4. Nxd4 Nf6 5. Nc3 a6 6. Bg5 e6 7. f4 Nbd7 8. Qe2 Qc7 9. O-O-O b5 10. f5 e5 11. Nd5 Nxd5 12. exd5 Bb7 13. g4 Nb6 14. Bg2 Qc4 15. Qxc4 Nxc4 16. Nc6 h6 17. Bd2 Be7 18. h4 Bd8 19. b3 Nxd2 20. Kxd2 Kd7 21. Ra1 Bb6 22. a4 Kc7 23. a5 Bf2 24. Kd3 Bg3 25. Be4 Bf4 26. Nb4 Kd7 27. c4 bxc4+ 28. bxc4 Rhb8 29. Rab1 Bc8 30. Ke2 Ra7 31. f6 gxf6 32. Bf5+ Kc7 33. Bxc8 Rxc8 34. Nc6 Rb7 35. Rxb7+ Kxb7 36. Rb1+ Kc7 37. Rb6 Ra8 38. Nb4 e4 39. Nxa6+ Kc8 40. c5 dxc5 41. Rc6+ Kd8 42. Nxc5 Ke7 43. a6 Rd8 44. a7 Ra8 45. Ra6 Be5 46. Ke3 h5 47. Na4 Bh2 48. Kxe4 Bg1 49. gxh5 f5+ 50. Kxf5 Rxa7 51. Rxa7+ Bxa7 52. Nc3 Kf8 53. d6 Bf2 54. Kg4 f5+ 55. Kxf5 Bxh4 56. Kg6 Bg3 57. Ne4 Be5 58. h6 1-0

[Event "CAN-op"]
[Site "Edmonton CAN"]
[Date "2005.07.10"]
[Round "2.12"]
[White "Klein, Gernot"]
[Black "Charbonneau, Pascal"]
[Result "0-1"]
[WhiteElo "2023"]
[BlackElo "2527"]
[PlyCount "154"]
[GameId "2160767910901391"]
[EventDate "2005.07.09"]
[EventType "swiss"]
[EventRounds "10"]
[EventCountry "CAN"]

1. e4 c5 2. Nf3 e6 3. d4 cxd4 4. Nxd4 a6 5. Bd3 Bc5 6. Nb3 Be7 7. c4 d6 8. O-O Nf6 9. Nc3 O-O 10. Be3 Nbd7 11. f4 Qc7 12. Rc1 b6 13. Qf3 Bb7 14. Qh3 Rfe8 15. Nd2 g6 16. b4 Bf8 17. Bd4 Bg7 18. Nf3 Rad8 19. f5 Ne5 20. fxg6 fxg6 21. Nxe5 dxe5 22. Bf2 Nh5 23. Ne2 Qd6 24. Rfd1 Qxb4 25. Rb1 Qa3 26. Bxb6 Rd7 27. Bc2 Rxd1+ 28. Rxd1 Qxa2 29. Qd3 Nf6 30. Nc3 Qa3 31. Nd5 Qxd3 32. Nxf6+ Bxf6 33. Bxd3 Bd8 34. Rb1 Bc6 35. Kf1 a5 36. Ke2 a4 37. Bxd8 Rxd8 38. Rb6 Be8 39. Ra6 Kf7 40. Bc2 Rd4 41. Ra7+ Kf6 42. Bd3 h5 43. Ke3 g5 44. h3 h4 45. Ra8 Ke7 46. c5 Bc6 47. Ra7+ Rd7 48. Ra5 Rb7 49. Ra6 Kd7 50. Bc4 Rb2 51. Bxe6+ Kxe6 52. Rxc6+ Kd7 53. Rd6+ Kc7 54. Kf3 a3 55. Ra6 a2 56. g3 Kb7 57. Ra5 Rb3+ 58. Kg2 Rxg3+ 59. Kh2 Re3 60. Rxa2 Rxe4 61. Rg2 Kc6 62. Rxg5 Kxc5 63. Kg2 Kd4 64. Rg6 Re2+ 65. Kf3 Re3+ 66. Kg2 Kd3 67. Rg4 Rg3+ 68. Kh2 Rxg4 69. hxg4 Ke4 70. Kh3 Kf4 71. Kxh4 e4 72. g5 e3 73. Kh5 e2 74. g6 e1=Q 75. Kh6 Qh4+ 76. Kg7 Kf5 77. Kf7 Qf6+ 0-1

[Event "CAN-op"]
[Site "Edmonton CAN"]
[Date "2005.07.10"]
[Round "3.12"]
[White "Charbonneau, Pascal"]
[Black "Klein, Felix"]
[Result "1-0"]
[WhiteElo "2527"]
[BlackElo "2123"]
[PlyCount "39"]
[GameId "2160767910901487"]
[EventDate "2005.07.09"]
[EventType "swiss"]
[EventRounds "10"]
[EventCountry "CAN"]

1. e4 c5 2. Nf3 e6 3. Nc3 a6 4. g3 b5 5. Bg2 Bb7 6. d3 d6 7. O-O Nd7 8. Ng5 Ngf6 9. f4 Qc7 10. Qe2 b4 11. Nd1 e5 12. Ne3 g6 13. fxe5 dxe5 14. Nd5 Bxd5 15. exd5 Bd6 16. Ne6 Qa7 17. Bg5 fxe6 18. dxe6 Rc8 19. exd7+ Nxd7 20. Qg4 1-0

[Event "CAN-op"]
[Site "Edmonton CAN"]
[Date "2005.07.11"]
[Round "4"]
[White "Ivanchuk, Vassily"]
[Black "Charbonneau, Pascal"]
[Result "1-0"]
[WhiteElo "2752"]
[BlackElo "2509"]
[PlyCount "75"]
[GameId "2160767910901604"]
[EventDate "2005.07.09"]
[EventType "swiss"]
[EventRounds "10"]
[EventCountry "CAN"]
[SourceTitle "The Week in Chess 558"]
[Source "Mark Crowther"]
[SourceDate "2005.07.16"]
[SourceVersion "1"]
[SourceVersionDate "2005.07.16"]
[SourceQuality "2"]

1. Nf3 d5 2. c4 dxc4 3. Qa4+ Nc6 4. Nc3 Nf6 5. g3 Nd5 6. Qxc4 Ndb4 7. Qb3 Be6 8. Qa4 Bd7 9. Qd1 Bf5 10. d3 Bg4 11. a3 Bxf3 12. exf3 Nd5 13. Bg2 e6 14. f4 Nb6 15. O-O Be7 16. Be3 Qd7 17. Qb3 O-O 18. Rfd1 Rfd8 19. Rac1 Rab8 20. Bxc6 bxc6 21. Qc2 a5 22. Rd2 Nd5 23. Na4 g5 24. fxg5 Nxe3 25. fxe3 Bxg5 26. Kf2 e5 27. Re1 f5 28. Qc4+ Qd5 29. Rc1 Kh8 30. h4 Bxe3+ 31. Kxe3 f4+ 32. gxf4 exf4+ 33. Kf2 Qe5 34. Re1 Qf6 35. Kf1 Rd4 36. Qc3 Rbd8 37. Rg2 Qxh4 38. Qxd4+ 1-0

[Event "CAN-op"]
[Site "Edmonton CAN"]
[Date "2005.07.12"]
[Round "5"]
[White "Charbonneau, Pascal"]
[Black "Swathi, Ghate"]
[Result "1-0"]
[WhiteElo "2527"]
[BlackElo "2281"]
[PlyCount "155"]
[GameId "2160767910901685"]
[EventDate "2005.07.09"]
[EventType "swiss"]
[EventRounds "10"]
[EventCountry "CAN"]

1. e4 e5 2. Nf3 Nc6 3. Bb5 a6 4. Ba4 Nf6 5. O-O Be7 6. Re1 b5 7. Bb3 d6 8. c3 O-O 9. d4 Bg4 10. Be3 exd4 11. cxd4 Na5 12. Bc2 c5 13. h3 Bxf3 14. Qxf3 cxd4 15. Bxd4 Nc6 16. Be3 Rc8 17. Nc3 Ne5 18. Qe2 Qc7 19. Rac1 Qb8 20. Bb3 Bd8 21. Rcd1 Ba5 22. Bd4 Bb6 23. Qe3 Bxd4 24. Qxd4 Rfd8 25. Nd5 Nxd5 26. Bxd5 Qc7 27. Re3 Qc2 28. Ra3 Nc6 29. Qd2 Qxd2 30. Rxd2 Nb4 31. Bb7 Rb8 32. Bd5 Kf8 33. Rc3 Rdc8 34. Bb3 Ke7 35. Rf3 f6 36. a3 Rc1+ 37. Kh2 Nc6 38. Rg3 g6 39. Bd5 Ne5 40. b3 Nd7 41. h4 Nb6 42. h5 g5 43. h6 Nxd5 44. exd5 Re1 45. Rc2 Rd8 46. f4 Re4 47. Rc7+ Rd7 48. Rxd7+ Kxd7 49. fxg5 fxg5 50. Rxg5 Rh4+ 51. Kg3 Rxh6 52. Rg7+ Ke8 53. Kg4 Kf8 54. Ra7 Rg6+ 55. Kf5 Rxg2 56. Rxa6 Ke7 57. Ra7+ Kd8 58. Rxh7 Rg3 59. b4 Rxa3 60. Ke6 Ra6 61. Rb7 Kc8 62. Rxb5 Kc7 63. Ra5 Rb6 64. Ra7+ Kb8 65. Rf7 Rxb4 66. Kxd6 Rb6+ 67. Kd7 Rh6 68. d6 Kb7 69. Re7 Kb6 70. Re6 Rh7+ 71. Kd8 Rh8+ 72. Re8 Rh7 73. d7 Kb7 74. Re1 Rh8+ 75. Ke7 Rh7+ 76. Kd6 Rh6+ 77. Re6 Rh8 78. Re8 1-0

[Event "CAN-op"]
[Site "Edmonton CAN"]
[Date "2005.07.13"]
[Round "6.9"]
[White "Sasata, Robert"]
[Black "Charbonneau, Pascal"]
[Result "0-1"]
[WhiteElo "2323"]
[BlackElo "2527"]
[PlyCount "106"]
[GameId "2160767910901802"]
[EventDate "2005.07.09"]
[EventType "swiss"]
[EventRounds "10"]
[EventCountry "CAN"]

1. d4 Nf6 2. c4 e6 3. Nc3 Bb4 4. e3 c5 5. Nge2 b6 6. a3 Ba5 7. Rb1 Na6 8. Qa4 Bb7 9. b4 Bc6 10. b5 Be4 11. Rb2 cxd4 12. exd4 Nc7 13. Bd2 Bb7 14. Nf4 O-O 15. Be2 d6 16. O-O e5 17. dxe5 dxe5 18. Nfd5 Ncxd5 19. Nxd5 Nxd5 20. cxd5 Qxd5 21. Qg4 Bxd2 22. Rd1 Qxg2+ 23. Qxg2 Bxg2 24. Kxg2 Bc3 25. Rc2 Bd4 26. Rc7 Rfc8 27. Rdc1 Bc5 28. Rd7 f5 29. Bc4+ Kh8 30. Be6 g6 31. a4 Re8 32. Bf7 Red8 33. Rcd1 Bd4 34. Rc7 e4 35. Be6 Bc5 36. Bd7 a6 37. bxa6 Rxa6 38. Rb1 Raa8 39. Rb2 Rf8 40. Rc2 Rf7 41. Bc6 Rxc7 42. Bxa8 Kg7 43. Rd2 Kf6 44. Rd8 Ke6 45. Re8+ Re7 46. Rc8 Kd7 47. Rf8 Kc7 48. Bd5 Rd7 49. Rf7 Rxf7 50. Bxf7 Kd7 51. f3 exf3+ 52. Kxf3 Ke7 53. Bc4 g5 0-1

[Event "CAN-op"]
[Site "Edmonton CAN"]
[Date "2005.07.14"]
[Round "7"]
[White "Charbonneau, Pascal"]
[Black "Mulyar, Michael"]
[Result "1-0"]
[WhiteElo "2527"]
[BlackElo "2422"]
[PlyCount "65"]
[GameId "2160767910901897"]
[EventDate "2005.07.09"]
[EventType "swiss"]
[EventRounds "10"]
[EventCountry "CAN"]
[SourceTitle "CBM 107 Extra"]
[Source "ChessBase"]
[SourceDate "2005.09.01"]
[SourceVersion "1"]
[SourceVersionDate "2005.09.01"]
[SourceQuality "1"]

1. e4 e5 2. Bc4 Nf6 3. d3 Nc6 4. Nf3 Bc5 5. c3 d6 6. Bb3 a6 7. O-O Ba7 8. Be3 O-O 9. Nbd2 h6 10. Bxa7 Rxa7 11. d4 Bg4 12. dxe5 dxe5 13. h3 Bd7 14. Nc4 Qe7 15. Qe2 Be6 16. Rfd1 Nh5 17. Nh2 Nf4 18. Qf3 Qg5 19. Kh1 Ne7 20. Ne3 Bc8 21. Rd2 Neg6 22. Rad1 b5 23. g3 Nxh3 24. Nf5 h5 25. Bc2 Ne7 26. Qe3 Nxf5 27. Qxa7 Nxf2+ 28. Rxf2 Nxg3+ 29. Kg1 Bh3 30. Nf3 Ne2+ 31. Kh1 Qg3 32. Qe3 Nf4 33. Rg1 1-0

[Event "CAN-op"]
[Site "Edmonton CAN"]
[Date "2005.07.15"]
[Round "8"]
[White "Bologan, Viktor"]
[Black "Charbonneau, Pascal"]
[Result "1-0"]
[WhiteElo "2700"]
[BlackElo "2509"]
[PlyCount "87"]
[GameId "2160767910901982"]
[EventDate "2005.07.09"]
[EventType "swiss"]
[EventRounds "10"]
[EventCountry "CAN"]
[SourceTitle "The Week in Chess 558"]
[Source "Mark Crowther"]
[SourceDate "2005.07.16"]
[SourceVersion "1"]
[SourceVersionDate "2005.07.16"]
[SourceQuality "2"]

1. e4 e5 2. Nf3 Nf6 3. Nxe5 d6 4. Nf3 Nxe4 5. Nc3 Nxc3 6. dxc3 Be7 7. Be3 Nc6 8. Qd2 Be6 9. O-O-O Qd7 10. Kb1 a6 11. h3 h6 12. g4 O-O-O 13. Bg2 f5 14. g5 Ne5 15. b3 Nxf3 16. Bxf3 f4 17. Bxf4 hxg5 18. Bxg5 Bxg5 19. Qxg5 Rxh3 20. Rxh3 Bxh3 21. Re1 Rf8 22. Bh5 Rf5 23. Qh4 Re5 24. Rxe5 dxe5 25. Bg6 Kb8 26. Kb2 Ka7 27. Qg5 Qg4 28. Qe3+ Kb8 29. Bd3 Qe6 30. Qg3 Bg4 31. f3 Bh5 32. Qxg7 Qf7 33. Qh8+ Qe8 34. Qf6 Qf7 35. Qd8+ Ka7 36. Bc4 Qf4 37. Qxc7 Bxf3 38. Qc5+ Ka8 39. a4 Kb8 40. b4 e4 41. Qd4 Qh6 42. Qd8+ Ka7 43. Bd5 Qb6 44. Qe7 1-0